Estadísticas para Récords individuales Liga ACB

Haz click aquí para intentar la prueba.

Estadísticas generales

  • Esta prueba ha sido intentada 57 veces
  • La puntuación promedio es 5 de 13

Estadísticas de respuestas

RécordJugador% Correcto
Más MVPs de la final (3)Juan Carlos Navarro
94%
Más partidos jugados (824)Felipe Reyes
88%
Más rebotes capturados (4725)Felipe Reyes
88%
Más asistencias repartidas (2879)Pablo Laso
69%
Más asistencias en un partido (19)Sergio Rodríguez
44%
Más valoración en un partido (66)Arvydas Sabonis
29%
Más puntos en un partido (54)Epi
29%
Más tapones (738)Fran Vázquez
29%
Más puntos anotados (9759)Alberto Herreros
27%
Jugador con más titulos (14)Clifford Luyk / Rafael Rullán
13%
Entrenador con más titulos (12)Pedro Ferrándiz
13%
Más MVPs de la temporada regular (3)Darryl Middleton
6%
Más rebotes totales en un partido (29)Clarence Kea
4%

Distribución de puntuación

Porcentaje por número respondido

Porcentaje de gente con cada puntuación

Historial de tus puntuaciones

No has intentado esta prueba.